|
|
|
|
| LEADER |
00000cam a2200000 7i4500 |
| 001 |
0000002115 |
| 005 |
20220105103933.0 |
| 008 |
100707 |
| 020 |
|
|
|a 0746048556
|
| 090 |
0 |
0 |
|a JP
|b AD ENG
|
| 100 |
1 |
|
|a Castor, Harriet
|
| 245 |
1 |
4 |
|a The incredible present
|c Harriet Castor
|
| 260 |
|
|
|a England :
|b Usborne Publishings ,
|c 2004
|
| 440 |
|
|
|a Usborne young reading:Series Two
|
| 500 |
|
|
|a Children age 4-6 years old (yellow)
|
| 650 |
|
0 |
|a Adventure
|x Fiction
|
| 999 |
|
|
|a 0000895974
|b Book
|c Children Collection
|e Cawangan Pontian
|
| 999 |
|
|
|a 0000895981
|b Book
|c Children Collection
|e Cawangan Bandar Penawar
|
| 999 |
|
|
|a 0000895983
|b Book
|c Children Collection
|e Cawangan Mersing
|
| 999 |
|
|
|a 0000895984
|b Book
|c Children Collection
|e Cawangan Segamat
|
| 999 |
|
|
|a 0000964916
|b Book
|c Children Collection
|e Cawangan Bandar Penawar
|
| 999 |
|
|
|a 0000964917
|b Book
|c Children Collection
|e Cawangan Batu Pahat
|
| 999 |
|
|
|a 0000964918
|b Book
|c Children Collection
|e Perbadanan Perpustakaan Awam Johor
|